U.S. States with First Cousin Marriage - Statistics

General Stats
  • This quiz has been taken 724 times
  • The average score is 11 of 18
Answer Stats
State % Correct
Alabama
93%
Florida
82%
Georgia
82%
Tennessee
71%
Virginia
71%
South Carolina
68%
California
65%
New York
64%
Vermont
53%
New Jersey
51%
New Mexico
51%
Connecticut
50%
Colorado
49%
Hawaii
48%
Maryland
48%
Massachusetts
47%
Pennsylvania
47%
Rhode Island
43%
No matching quizzes found
Score Distribution
Percent of People with Each Score
Percentile by Number Answered
Your Score History
You have not taken this quiz